| Tag |
First Indicator |
Second Indicator |
Subfields |
| LEADER |
00000cam a2200000 a 4500 |
| 001 |
in00002436021 |
| 005 |
20151109181514.0 |
| 008 |
080204s2008 dcua b 001 0 eng |
| 010 |
|
|
|a 2008004971
|
| 019 |
|
|
|a 166368167
|
| 020 |
|
|
|a 9780821371138
|
| 020 |
|
|
|a 0821371134
|
| 035 |
|
|
|a (OCoLC)ocn191882057
|
| 035 |
|
|
|a (OCoLC)191882057
|z (OCoLC)166368167
|
| 040 |
|
|
|a DLC
|c DLC
|d YDX
|d BAKER
|d BTCTA
|d YDXCP
|d CDX
|d UtOrBLW
|
| 043 |
|
|
|a fb-----
|
| 049 |
|
|
|a TXAM
|
| 050 |
0 |
0 |
|a LA1502
|b .V47 2008
|
| 082 |
0 |
0 |
|a 373.6
|2 22
|
| 100 |
1 |
|
|a Verspoor, Adriaan,
|d 1942-
|
| 245 |
1 |
0 |
|a At the crossroads :
|b choices for secondary education in Sub-Saharan Africa /
|c Adriaan M. Verspoor with the SEIA team.
|
| 264 |
|
1 |
|a Washington, D.C. :
|b World Bank,
|c [2008]
|
| 264 |
|
4 |
|c ©2008
|
| 300 |
|
|
|a xxi, 387 pages :
|b illustrations ;
|c 26 cm.
|
| 336 |
|
|
|a text
|b txt
|2 rdacontent
|
| 337 |
|
|
|a unmediated
|b n
|2 rdamedia
|
| 338 |
|
|
|a volume
|b nc
|2 rdacarrier
|
| 490 |
1 |
|
|a Africa Region human development series
|
| 650 |
|
0 |
|a Education, Secondary
|z Africa, Sub-Saharan.
|
| 650 |
|
0 |
|a Educational assistance
|z Africa, Sub-Saharan.
|
| 830 |
|
0 |
|a Africa Region human development series.
|
| 938 |
|
|
|a Baker & Taylor
|b BKTY
|c 35.00
|d 35.00
|i 0821371134
|n 0007365617
|s active
|
| 938 |
|
|
|a YBP Library Services
|b YANK
|n 2610917
|
| 938 |
|
|
|a Baker and Taylor
|b BTCP
|n 2008004971
|
| 938 |
|
|
|a Coutts Information Services
|b COUT
|n 6758104
|
| 945 |
|
|
|a PromptCat
|b 550145
|
| 946 |
|
|
|a stk
|
| 947 |
|
|
|a A14836674931
|
| 994 |
|
|
|a 92
|b TXA
|
| 948 |
|
|
|a cataloged
|b h
|d 2008/11/13
|h c
|e asalazar
|f 2:34:20 pm
|
| 999 |
|
|
|a MARS
|
| 999 |
f |
f |
|s fe46f9e2-b542-374f-a614-6ead68fbbe00
|i 79864113-e5da-3802-a15f-f3de76e25775
|t 0
|
| 952 |
f |
f |
|p normal
|a Texas A&M University
|b College Station
|c Sterling C. Evans Library
|d Evans: Library Stacks
|t 0
|e LA1502 .V47 2008
|h Library of Congress classification
|i unmediated -- volume
|m A14836674931
|
| 998 |
f |
f |
|a LA1502 .V47 2008
|t 0
|l Evans: Library Stacks
|